| 000 | 00546nam a22002051i 4500 | ||
|---|---|---|---|
| 001 | 21770 | ||
| 010 | _a9789727115358 | ||
| 090 | _a21770 | ||
| 100 | _a20170304u u u0frey50 ba | ||
| 200 | 1 |
_fOsho _aO livro do sexo _edo sexo à superconsciência |
|
| 210 |
_cPergaminho _d2005 |
||
| 215 |
_a328, [8] p. _d23 cm |
||
| 225 | 2 | _aOs livros de Osho | |
| 300 | _aOferta de Jorge Araújo | ||
| 606 |
_93302 _aPsicologia sexual |
||
| 606 |
_9651 _aSexualidade |
||
| 675 |
_a159.922 _9613 |
||
| 700 |
_aOsho _f1931-1990 _96242 |
||
| 801 |
_aPT _gRPC |
||
| 990 | _cLIVROS | ||